Biblioteka Instytutu Północnego w Olsztynie

Widok standardowy Widok MARC

Pozycja Personal Name

Liczba rekordów, w których użyto hasła: 1

001 - Numer kontrolny

  • control field: 40489

003 - Identyfikator numeru kontrolnego

  • control field: NUKAT

005 - Data i czas ostatniej modyfikacji

  • control field: 20260424212804.0

008 - Dane kontrolne kodowane (40 znaków)

  • fixed length control field: 000928n||a|znnaabn |a aaa |c

010 ## - Numer kontrolny Biblioteki Kongresu

  • numer kontrolny LC: n 00053247

024 7# - OTHER STANDARD IDENTIFIER

  • Standard number or code: 162601590
  • Source of number or code: viaf

024 7# - OTHER STANDARD IDENTIFIER

  • Standard number or code: 0000000111767512
  • Source of number or code: isni

040 ## - Instytucja sporządzająca rekord

  • inst. przygot. dane do rek. khw: WA M/IW
  • język haseł przedmiotowych/tezaurus: kaba
  • inst. wprow. rek. khw: WA M/IW
  • inst. modyf. rek. khw: TOR U/TL

100 1# - Hasło - nazwa osobowa

  • nazwa osobowa w formie ujednoliconej: Świdzińska, Lucyna.

400 1# - Trop zob. - nazwa osobowa

  • nazwa osobowa (nazwisko, imiona): Świdzińska, Lucyna Radomska-.

400 1# - Trop zob. - nazwa osobowa

  • nazwa osobowa (nazwisko, imiona): Radomska-Świdzińska, Lucyna.

670 ## - Źródło informacji

  • źródło informacji: Kp. Szczegółowy podział dorzecza Prypeci / [oprac. Lucyna Radomska-Świdzińska]. - Warszawa, 1933.

670 ## - Źródło informacji

  • źródło informacji: Kp. Zatopione doliny : walka z powodzią i budowa zbiorników wodnych / Lucyna Świdzińska. - Warszawa, 1954.

670 ## - Źródło informacji

  • źródło informacji: PB'1955
Biblioteka Instytutu Północnego, ul. Partyzantów 87, 10-402 Olsztyn, email: biblioteka(at)ip.olsztyn.pl